000883860 001__ 883860 000883860 005__ 20260118040241.0 000883860 0247_ $$aG:(GEPRIS)496338782$$d496338782 000883860 035__ $$aG:(GEPRIS)496338782 000883860 040__ $$aGEPRIS$$chttp://gepris.its.kfa-juelich.de 000883860 150__ $$aKopplung von intrusiven und nichtintrusiven lokal zerlegten Modellreduktionsverfahren für schnelle Simulationen von Straßensystemen (B05)$$y2022 - 000883860 371__ $$aDr.-Ing. Tim Brepols 000883860 371__ $$aProfessorin Dr.-Ing. Stefanie Reese 000883860 450__ $$aDFG project G:(GEPRIS)496338782$$wd$$y2022 - 000883860 5101_ $$0I:(DE-588b)2007744-0$$aDeutsche Forschungsgemeinschaft$$bDFG 000883860 550__ $$0G:(GEPRIS)453596084$$aTRR 339: Digitaler Zwilling Straße – Physikalisch-informatorische Abbildung des Systems „Straße der Zukunft“$$wt 000883860 680__ $$a 000883860 909CO $$ooai:juser.fz-juelich.de:938422$$pauthority$$pauthority:GRANT 000883860 909CO $$ooai:juser.fz-juelich.de:938422 000883860 980__ $$aG 000883860 980__ $$aAUTHORITY